Human exceptionality : (Record no. 5392)
[ view plain ]
| 000 -LEADER | |
|---|---|
| fixed length control field | 00809pam a2200193 a 4500 |
| 005 - DATE AND TIME OF LATEST TRANSACTION | |
| control field | 20250901165529.0 |
| 008 - FIXED-LENGTH DATA ELEMENTS--GENERAL INFORMATION | |
| fixed length control field | 891018s1990 maua b 001 0 eng |
| 010 ## - LIBRARY OF CONGRESS CONTROL NUMBER | |
| LC control number | 89029101 |
| 020 ## - INTERNATIONAL STANDARD BOOK NUMBER | |
| International Standard Book Number | 0205123732 (instructor's ed.) |
| 020 ## - INTERNATIONAL STANDARD BOOK NUMBER | |
| International Standard Book Number | 0205123724 (student's ed.) |
| 050 00 - LIBRARY OF CONGRESS CALL NUMBER | |
| Classification number | HV1568 .H37 1990 |
| Item number | .H37 1990 |
| 082 00 - DEWEY DECIMAL CLASSIFICATION NUMBER | |
| Classification number | 362 |
| Edition information | 20 |
| 245 00 - TITLE STATEMENT | |
| Title | Human exceptionality : |
| Remainder of title | society, school, and family / |
| Statement of responsibility, etc. | Michael L. Hardman ... [et al.]. |
| 250 ## - EDITION STATEMENT | |
| Edition statement | 3rd ed. |
| 260 ## - PUBLICATION, DISTRIBUTION, ETC. | |
| Place of publication, distribution, etc. | Boston : |
| Name of publisher, distributor, etc. | Allyn and Bacon, |
| Date of publication, distribution, etc. | c1990. |
| 300 ## - PHYSICAL DESCRIPTION | |
| Extent | IE-xii, IE-90, xxvii, 563 p. : |
| Other physical details | ill. (some col.) ; |
| Dimensions | 27 cm. |
| 500 ## - GENERAL NOTE | |
| General note | "Instructor's edition for Human exceptionality, society, school, and family, third edition / Barbara Wolf, with Cathy Pratt and Pamela Pruitt": IE-xii, IE-90 p. |
| 942 ## - ADDED ENTRY ELEMENTS (KOHA) | |
| Source of classification or shelving scheme | Library of Congress Classification |
| Classification part | HV1568 .H37 1990 |
No items available.